000 00798nam a2200253Ia 4500
003 OSt
005 20221005083841.0
006 a|||||r|||| 00| 0
007 ta
008 221004b |||||||| |||| 00| 0 eng d
020 _a9788189013769 (hbk)
_c350
024 _a95935
037 _b0027, 22/12/2008, Independent Publishers Group
_cTextual
040 _aCRL
_cCRL
_beng
041 _2eng
_aeng
082 _aY72.29W, P8
100 _aNongbri Tiplut
245 0 _aGender, matriliny, and enterpreurship
_b The khasis of North - East India
260 _aNew Delhi
_bZubaan India
_c2008
300 _axiv, 207p.
_ccm.
650 _aSOCIOLOGY
942 _hY72.29W, P8
_cTEXL
_2cc
999 _c991674
_d991674